Arvaa kappaleen tekijä - Statistics

Yleistilastot
  • Tätä visaa on pelattu 144 kertaa
  • Keskiarvotulos 17 / 40
Vastaustilastot
Kappale Tekijä % Oikein
Tinakenkätyttö Kaija koo
90%
Beibi Haloo Helsinki
83%
Rin tin tin Leevi and the leavings
79%
R-a-k-a-s Tapani kansa
71%
Matkustaja Egotrippi
70%
Mitä silmät ei nää Juha tapio
69%
Satasen laina Nylon Beat
65%
Ravistettava ennen käyttöä Apulanta
63%
Pokka Irina
62%
Valkoiset tiikerit Dingo
61%
Levoton tyttö Anssi kela
60%
Rakkauden ammattilainen Juice Leskinen
58%
Likaiset legendat
57%
Tahdon rakastella sinua Pelle miljoona
52%
Villejä lupiineja J karjalainen
50%
Hipit rautaa Eppu normaali
48%
Punaista ja makeaa Popeda
47%
Mies jonka ympäriltä tuolit viedään Zen cafe
47%
Varrella virran Kirka
43%
Pidä huolta Pave maijanen
41%
Mennään minne vaan Tiktak
41%
Kaikki nuoret tyypit Tehosekoitin
38%
My only one Hurriganes
37%
Kaksi lensi yli käenpesän Freeman
36%
Olen hautausmaa Hector
36%
Valehtelisin jos väittäisin Kolmas nainen
36%
Bensaa suonissa Rauli badding somerjoki
36%
Mitä yhdestä särkyneestä sydämmestä Mamba
34%
Helvetistä itään Kotiteollisuus
32%
Sun täytyy mennä Neljä ruusua
28%
Suomirokkia Aknestik
26%
Dont you ever leave me Hanoi rocks
24%
Läpi elämän helvetin Irwin goodman
22%
Täältä tullaan venäjä Hassisen kone
21%
Ainutlaatuinen Johanna kurkela
16%
Voipallo Miljoonasade
14%
Takapihojen rocktähdet Klamydia
12%
Olemme kuin veljet Don huonot
7%
Hollywood hills Sunrise avanue
7%
Sateen jälkeen Janne hurme
3%
Ehtoja vastaavia visoja ei löytynyt
Tulosjakauma
Jokaisen tuloksen saaneiden osuus
Persentiili vastausten määrän mukaan
Tuloshistoriasi
Et ole pelannut tätä visaa